Comentarios de urgencia a la ley del nuevo impuesto sobre sociedades / R. Antonio Ortega ; prólogo: Sixto Álvarez Melcón Sixto Álvarez Melcón

por Ortega Gómez, Antonio

ISBN: 84-7019-066-0
Descripción Física: 182 p. ; 23 cm

MARC

LEADER 00000nam a2200000Ia 4500
001 14377
003 BGR
005 20260324175317.0
008 160829s9999 xx 000 0 cat d
020 |a 84-7019-066-0 
080 |a M-4-215 
100 |a Ortega Gómez, Antonio  |9 26257 
245 |a Comentarios de urgencia a la ley del nuevo impuesto sobre sociedades / R. Antonio Ortega ; prólogo:  |b  Sixto Álvarez Melcón 
260 |a Madrid [etc.] :  |b Asociación para el Progreso de la Dirección, DL 1979 
300 |a 182 p. ;  |c 23 cm 
650 0 |a Societats  |x Impostos  |z Espanya   |9 40046 
700 |a Álvarez Melcón, Sixto  |9 26259 
710 2 |9 70421  |a Asociación para el Progreso de la Dirección 
901 |a Arxiu 
942 |n 1  |2 udc  |c MON 
952 |0 0  |1 0  |4 0  |6 M4215  |7 1  |9 43935  |a Arxiu  |b Arxiu  |d 2016-12-01  |l 0  |o M-4-215  |p 14377  |r 2016-12-01 00:00:00  |w 2016-12-01  |y ARXIU 
999 |c 46515  |d 46515